| 000 | 00000nam 2200000zi 4500 |
| 001 | 9.932570 |
| 003 | CaOODSP |
| 005 | 20250318162906 |
| 006 | m o d f |
| 007 | cr mn||||||||| |
| 008 | 240117t20242024onca o f000 0 eng d |
| 020 | |a9780660696591 |
| 040 | |aCaOODSP|beng|erda|cCaOODSP |
| 041 | |aeng|afre |
| 043 | |an-cn-on |
| 086 | 1 |aFo123-5/2-2024-PDF |
| 100 | 1 |aLecours, Maurice, |eauthor. |
| 245 | 10|aBurning brighter : |bcollaborating for wildland fire supporting science-policy-operations integration / |cMaurice Lecours, Colin McFayden, Den Boychuk, Colleen George, Douglas G. Woolford. |
| 246 | 13|aBrûler intelligemment : |bcollaborer à la lutte contre les feux de forêt, en soutien à l'intégration science-politique-opérations |
| 264 | 1|aSault Ste. Marie, Ontario : |bNatural Resources Canada = Ressources naturelles Canada, |c[2024] |
| 264 | 4|c©2024 |
| 300 | |a1 online resource (vii, 11 pages) : |billustrations. |
| 336 | |atext|btxt|2rdacontent |
| 337 | |acomputer|bc|2rdamedia |
| 338 | |aonline resource|bcr|2rdacarrier |
| 490 | 1 |aWildland fire proceedings, |x2817-9587 ; |vGLC-WF-2 |
| 546 | |aText in English and French. |
| 650 | 0|aForest fires|zCanada|xPrevention and control|xPlanning. |
| 650 | 0|aWildfires|zCanada|xPrevention and control|xPlanning. |
| 710 | 2 |aGreat Lakes Forestry Centre, |eissuing body. |
| 710 | 1 |aCanada. |bNatural Resources Canada, |eissuing body. |
| 788 | |tBrûler intelligemment : |efre|w(CaOODSP)9.932571 |
| 830 | #0|aWildland fire proceedings ;|vGLC-WF-2.|w(CaOODSP)9.932191 |
| 856 | 40|qPDF|s1.02 MB|uhttps://publications.gc.ca/collections/collection_2024/rncan-nrcan/Fo123-5-2-2024.pdf |